Countries' best Olympic sports? - Statistics

General Stats
  • This quiz has been taken 25 times
  • The average score is 12 of 31
Answer Stats
Country Number of medals Sport % Correct
United States 802 Athletics
91%
Great Britain 205 Athletics
91%
Norway 121 Cross Country Skiing
61%
Switzerland 66 Alpine Skiing
52%
Finland 114 Athletics
52%
Australia 188 Swimming
52%
Austria 121 Alpine Skiing
48%
Canada 60 Athletics
48%
Poland 57 Athletics
48%
Kenya 96 Athletics
48%
Russia 64 Gymnastics
48%
Greece 29 Athletics
43%
Romania 72 Gymnastics
43%
New Zealand 24 Athletics
39%
Bulgaria 69 Wrestling
39%
Cuba 73 Boxing
35%
France 118 Fencing
35%
Italy 125 Fencing
35%
Japan 98 Gymnastics
30%
Ukraine 19 Gymnastics
30%
Hungary 87 Fencing
26%
Sweden 86 Wrestling
26%
Brazil 22 Judo
22%
Netherlands 121 Speed Skating
22%
China 69 Diving
17%
Denmark 30 Sailing
17%
Spain 19 Sailing
17%
Germany 70 Canoeing
13%
Belgium 29 Cycling
13%
New Zealand 24 Rowing
13%
South Korea 48 Short Track Speed Skating
0%
No matching quizzes found
Score Distribution
Percent of People with Each Score
Percentile by Number Answered
Your Score History
You have not taken this quiz